[Event "Madrid"]
[Site "Madrid"]
[Date "1973.11.27"]
[Round "2"]
[White "Bellon Lopez, Juan Manuel"]
[Black "Ljubojevic, Ljubomir"]
[Result "0-1"]
[WhiteElo "2400"]
[BlackElo "2565"]
[PlyCount "158"]
[EventDate "1973.11.26"]
[Source "ChessBase"]
[SourceDate "1999.07.01"]

1. e4 c5 2. Nc3 Nc6 3. g3 g6 4. Bg2 Bg7 5. d3 e6 6. Be3 Qa5 7. Nge2 Nd4 8. O-O
Ne7 9. f4 d6 10. Kh1 h5 11. b4 Qxb4 12. f5 Nxe2 13. Nxe2 Bxa1 14. Qxa1 e5 15.
Bg5 gxf5 16. Nc3 Qa5 17. exf5 Nxf5 18. Nd5 Be6 19. Be4 Nd4 20. c3 Bxd5 21. Bxd5
Ne6 22. Bf6 Rf8 23. Rb1 Rb8 24. Qb2 Kd7 25. Qg2 b5 26. d4 cxd4 27. Bc6+ Kc7 28.
cxd4 Nxd4 29. Rc1 Qa3 30. Bg5 Qxc1+ 31. Bxc1 Nxc6 32. Qf3 f5 33. Qxh5 f4 34.
gxf4 exf4 35. Qh7+ Kb6 36. Qh6 f3 37. Be3+ Ka6 38. Qxd6 Rbc8 39. Qa3+ Kb7 40.
Qc5 b4 41. h4 Rf6 42. Bf2 Re8 43. Qb5+ Ka8 44. Qa6 Ref8 45. Kh2 R8f7 46. Kh3
Rc7 47. Qc4 Kb7 48. Qb5+ Kc8 49. Qa6+ Kd7 50. Qb5 Ke8 51. Qh5+ Rcf7 52. Qh8+
Kd7 53. Qa8 Kd6 54. Qe8 Rf5 55. Qe4 Kc7 56. Qc4 Kb7 57. Qe6 a5 58. Qe3 Rb5 59.
Qb3 Rff5 60. Qe6 Rbd5 61. Qe3 Kc8 62. Qh6 Kd7 63. Qe3 Nd4 64. Kg4 Nb5 65. Bg3
Nd4 66. Bf2 Ne6 67. Qa7+ Ke8 68. Qh7 Kf8 69. Qa7 Kg8 70. Kg3 Ng7 71. Bd4 Rxd4
72. Qxd4 f2 73. Qc4+ Rf7 74. Qf1 Nf5+ 75. Kf4 Nxh4+ 76. Ke4 Kf8 77. Ke3 Rf6 78.
Ke2 Ng6 79. Ke3 Ne5 0-1

[Event "Madrid"]
[Site "Madrid"]
[Date "1973.11.30"]
[Round "4"]
[White "Pomar Salamanca, Arturo"]
[Black "Uhlmann, Wolfgang"]
[Result "0-1"]
[WhiteElo "2435"]
[BlackElo "2560"]
[PlyCount "106"]
[EventDate "1973.11.26"]
[Source "ChessBase"]
[SourceDate "1999.07.01"]

1. Nf3 g6 2. d4 Bg7 3. g3 c5 4. c3 Qb6 5. Qb3 Nf6 6. Qxb6 axb6 7. Na3 d6 8. Bg2
Nc6 9. Nb5 O-O 10. O-O Be6 11. Na3 Ne4 12. e3 b5 13. Nd2 Nxd2 14. Bxd2 b4 15.
Nc2 Bxa2 16. cxb4 cxd4 17. b5 dxe3 18. bxc6 exd2 19. cxb7 Ra5 20. Bd5 Bxd5 21.
Rxa5 Bxb7 22. Rd1 Bxb2 23. Rxd2 Rc8 24. Ra7 Bc3 25. Re2 Rc7 26. Re3 Bf6 27. Rb3
Rxc2 28. Raxb7 h5 29. h4 Bd4 30. Rf3 Kf8 31. Rb8+ Kg7 32. Rb7 Rc1+ 33. Kg2 Re1
34. Rf4 Bc5 35. g4 hxg4 36. Rxg4 f5 37. Rg3 Kf7 38. Rb8 Re2 39. Rf3 e6 40. h5
gxh5 41. Rh8 Kg6 42. Rg3+ Kf6 43. Rh6+ Ke5 44. Rf3 f4 45. Rxh5+ Ke4 46. Rh8 e5
47. Ra8 d5 48. Ra4+ Kf5 49. Ra5 Rc2 50. Rb3 Kg4 51. Rd3 Rxf2+ 52. Kh1 Be3 53.
Ra8 d4 0-1

[Event "Madrid"]
[Site "Madrid"]
[Date "1973.12.01"]
[Round "5"]
[White "Furman, Semen Abramovich"]
[Black "Tukmakov, Vladimir B"]
[Result "1/2-1/2"]
[WhiteElo "2540"]
[BlackElo "2545"]
[PlyCount "40"]
[EventDate "1973.11.26"]
[Source "ChessBase"]
[SourceDate "1999.07.01"]

1. d4 Nf6 2. c4 e6 3. Nc3 Bb4 4. e3 O-O 5. Nge2 d5 6. a3 Be7 7. cxd5 Nxd5 8.
Bd2 Nxc3 9. Nxc3 c5 10. dxc5 Bxc5 11. Ne4 Be7 12. Bc3 Nd7 13. Be2 Nf6 14. Qxd8
Rxd8 15. Nxf6+ Bxf6 16. Bxf6 gxf6 17. Bf3 Bd7 18. O-O Rac8 19. Rfc1 Rxc1+ 20.
Rxc1 Rc8 1/2-1/2

[Event "Madrid"]
[Site "Madrid"]
[Date "1973.12.01"]
[Round "5"]
[White "Kaplan, Julio P"]
[Black "Andersson, Ulf"]
[Result "0-1"]
[WhiteElo "2455"]
[BlackElo "2555"]
[PlyCount "138"]
[EventDate "1973.11.26"]
[Source "ChessBase"]
[SourceDate "1999.07.01"]

1. e4 c5 2. Nf3 e6 3. d4 cxd4 4. Nxd4 Nc6 5. Nc3 a6 6. Be2 Qc7 7. O-O Nf6 8.
Kh1 d6 9. f4 Be7 10. a4 O-O 11. Be3 Rd8 12. Qe1 Nxd4 13. Bxd4 e5 14. Be3 exf4
15. Bxf4 Be6 16. Bg5 Ne8 17. Qh4 Bxg5 18. Qxg5 Rd7 19. Bd3 Qb6 20. Nd5 Bxd5 21.
exd5 Qd8 22. Qf5 g6 23. Qf4 Re7 24. Qh6 Nc7 25. c4 a5 26. Rf3 Qf8 27. Qh4 Rae8
28. Qf2 Na6 29. Qb6 Nc5 30. Bf1 Re3 31. Rxe3 Rxe3 32. Qxa5 Qe7 33. Rb1 Qe4 34.
Rd1 Qe5 35. Qd2 Nb3 36. Qf2 Kg7 37. Kg1 b6 38. Rd3 Rxd3 39. Bxd3 Nc5 40. Bf1
Nxa4 41. b3 Nc5 42. b4 Nd7 43. Qd2 Kg8 44. g3 Qa1 45. Kg2 Qa3 46. Be2 Ne5 47.
Kf2 h5 48. Kg2 Kf8 49. Kh3 Kg8 50. Kh4 Qf3 51. Bd1 Qe4+ 52. Qf4 Qxf4+ 53. gxf4
Nxc4 54. Bb3 Ne3 55. Kg3 Nf5+ 56. Kf2 Kg7 57. Bd1 Kf6 58. Bf3 Nd4 59. Bd1 Nb5
60. Ke3 Nc7 61. Ke4 Na6 62. b5 Nc7 63. Be2 h4 64. h3 Kg7 65. f5 g5 66. Bc4 Ne8
67. Bb3 Nf6+ 68. Kf3 Kh6 69. Bc4 g4+ 0-1

[Event "Madrid"]
[Site "Madrid"]
[Date "1973.12.02"]
[Round "6"]
[White "Browne, Walter S"]
[Black "Garcia Martinez, Silvino"]
[Result "1-0"]
[WhiteElo "2530"]
[BlackElo "2450"]
[PlyCount "56"]
[EventDate "1973.11.26"]
[Source "ChessBase"]
[SourceDate "1999.07.01"]

1. e4 e6 2. d4 d5 3. Nd2 c5 4. exd5 exd5 5. Ngf3 Nc6 6. Bb5 Bd6 7. dxc5 Bxc5 8.
O-O Nge7 9. Nb3 Bd6 10. Bg5 O-O 11. Bh4 Bg4 12. Re1 Rc8 13. c3 Ne5 14. Be2 Nc4
15. Nfd4 Bd7 16. Bxc4 dxc4 17. Nd2 Re8 18. Ne4 Bb8 19. Qf3 Qb6 20. Bg3 h6 21.
Bxb8 Rxb8 22. Qg3 Qg6 23. Nd6 Qxg3 24. hxg3 Nc6 25. Nxe8 Nxd4 26. cxd4 Bxe8 27.
Rac1 b5 28. Re7 a6 1-0

[Event "Madrid"]
[Site "Madrid"]
[Date "1973.12.08"]
[Round "10"]
[White "Browne, Walter S"]
[Black "Uhlmann, Wolfgang"]
[Result "1/2-1/2"]
[WhiteElo "2530"]
[BlackElo "2560"]
[PlyCount "116"]
[EventDate "1973.11.26"]
[Source "ChessBase"]
[SourceDate "1999.07.01"]

1. e4 e6 2. d4 d5 3. Nd2 c5 4. exd5 exd5 5. Ngf3 Nc6 6. Bb5 Bd6 7. dxc5 Bxc5 8.
O-O Nge7 9. Nb3 Bd6 10. Bg5 O-O 11. Bh4 Bg4 12. Bg3 Bxg3 13. hxg3 Qb6 14. Bd3
Nf5 15. Bxf5 Bxf5 16. c3 Be4 17. Qd2 a5 18. Nbd4 a4 19. Rfe1 Rfe8 20. Rad1 h6
21. Re3 Na5 22. b3 axb3 23. axb3 Bxf3 24. Rxe8+ Rxe8 25. gxf3 Nc6 26. b4 Nxd4
27. Qxd4 Qxd4 28. Rxd4 Rc8 29. Rxd5 Rxc3 30. f4 Rc4 31. Rb5 Rc7 32. Kg2 Kf8 33.
Kf3 Re7 34. f5 f6 35. Kg4 Kg8 36. f3 Rd7 37. Rb6 Re7 38. b5 Rd7 39. f4 Kh7 40.
Re6 Rd5 41. Rb6 Rd7 42. Kh4 Rc7 43. Kh5 Rd7 44. g4 Rd1 45. Kh4 Rd7 46. g5 hxg5+
47. fxg5 fxg5+ 48. Kxg5 Kg8 49. Kf4 Kf7 50. Ke5 Ke7 51. Rg6 Kf7 52. Rg3 Rd1 53.
Rc3 Re1+ 54. Kd6 Kf6 55. Rc5 Rf1 56. Kc7 Rxf5 57. Rxf5+ Kxf5 58. Kxb7 g5
1/2-1/2

[Event "Madrid"]
[Site "Madrid"]
[Date "1973.12.11"]
[Round "12"]
[White "Browne, Walter S"]
[Black "Portisch, Lajos"]
[Result "1/2-1/2"]
[WhiteElo "2530"]
[BlackElo "2650"]
[PlyCount "77"]
[EventDate "1973.11.26"]
[Source "ChessBase"]
[SourceDate "1999.07.01"]

1. e4 c5 2. Nf3 e6 3. Nc3 a6 4. d4 cxd4 5. Nxd4 Qc7 6. g3 Bb4 7. Nde2 Nf6 8.
Bg2 Be7 9. O-O Nc6 10. h3 b5 11. a4 b4 12. Nd5 exd5 13. exd5 Bb7 14. dxc6 Bxc6
15. Nd4 Bxg2 16. Kxg2 O-O 17. Nf5 Bc5 18. Qf3 Qe5 19. Bg5 Ne4 20. Rae1 d5 21.
Bc1 Rfe8 22. Qg4 Qf6 23. Ne3 Bxe3 24. Rxe3 Qc6 25. Rf3 Rad8 26. c3 bxc3 27.
bxc3 Re6 28. a5 d4 29. cxd4 Rg6 30. Qh4 Rxd4 31. Qe7 Nf6 32. Be3 Rd7 33. Qc5
Qe6 34. Qc8+ Ne8 35. Re1 Rd5 36. Qxe6 Rxe6 37. Ra1 Nd6 38. Bf4 Nb5 39. Re3
1/2-1/2

[Event "Madrid"]
[Site "Madrid"]
[Date "1973.12.12"]
[Round "13"]
[White "Panno, Oscar"]
[Black "Bellon Lopez, Juan Manuel"]
[Result "1/2-1/2"]
[WhiteElo "2585"]
[BlackElo "2400"]
[PlyCount "144"]
[EventDate "1973.11.26"]
[Source "ChessBase"]
[SourceDate "1999.07.01"]

1. d4 Nf6 2. c4 c5 3. d5 b5 4. cxb5 a6 5. bxa6 Bxa6 6. Nf3 g6 7. Nc3 d6 8. g3
Bg7 9. Bh3 O-O 10. O-O Nbd7 11. Qc2 Qc7 12. Rd1 Rfb8 13. Rb1 Ne8 14. Bd2 Rb4
15. a3 Rb7 16. b3 Qd8 17. Be1 Nc7 18. a4 Rab8 19. Na2 Nb6 20. e4 Nxa4 21. b4
Bb5 22. Bf1 Bxf1 23. Kxf1 Qd7 24. Kg2 Ra8 25. bxc5 Rxb1 26. Rxb1 Nxc5 27. Nb4
Qg4 28. Nc6 Kf8 29. Ba5 Ne8 30. Rb4 Qc8 31. Bd8 Qa6 32. Bxe7+ Kg8 33. e5 Qd3
34. Qxd3 Nxd3 35. Rb3 Nc5 36. Re3 Bf8 37. Bxf8 Kxf8 38. e6 Nc7 39. Ng5 Nxd5 40.
Rf3 f6 41. e7+ Kg8 42. Nh3 Rc8 43. Nf4 Nxf4+ 44. gxf4 Kf7 45. Re3 d5 46. Nd8+
Ke8 47. Ne6 Nxe6 48. Rxe6 f5 49. Re5 d4 50. h4 Rc7 51. Kf3 Rd7 52. Ke2 d3+ 53.
Kd2 Rd4 54. h5 Rxf4 55. hxg6 hxg6 56. Kxd3 Rxf2 57. Ke3 Rf1 58. Ke2 Rf4 59. Ke3
Rg4 60. Ke2 Rg3 61. Re6 Rg4 62. Kf3 Rg1 63. Kf2 Rg5 64. Kf3 Rg4 65. Kf2 g5 66.
Re5 f4 67. Kf1 Rg3 68. Kf2 Rg4 69. Kf1 Rg3 70. Kf2 Rg4 71. Kf1 Rg3 72. Kf2 Rg4
1/2-1/2

[Event "Madrid"]
[Site "Madrid"]
[Date "1973.12.13"]
[Round "14"]
[White "Karpov, Anatoly"]
[Black "Portisch, Lajos"]
[Result "1/2-1/2"]
[WhiteElo "2660"]
[BlackElo "2650"]
[PlyCount "100"]
[EventDate "1973.11.26"]
[Source "ChessBase"]
[SourceDate "1999.07.01"]

1. e4 e5 2. Nf3 Nc6 3. Bb5 a6 4. Ba4 Nf6 5. O-O Be7 6. Re1 b5 7. Bb3 d6 8. c3
O-O 9. h3 Nb8 10. d4 Nbd7 11. Nbd2 Bb7 12. Bc2 Re8 13. Nf1 Bf8 14. Ng3 g6 15.
a4 c5 16. d5 Nb6 17. a5 Nc4 18. b4 cxb4 19. cxb4 Rc8 20. Bd3 Bg7 21. Ra2 Rf8
22. Rc2 Qd7 23. Nh2 Kh8 24. h4 h5 25. Qe2 Kg8 26. Bxc4 Rxc4 27. Rxc4 bxc4 28.
Qxc4 Ne8 29. Rf1 Nc7 30. f4 exf4 31. Bxf4 Nb5 32. Qd3 Rc8 33. Bd2 Rc7 34. Ne2
Bc8 35. Nf3 Qe7 36. Bg5 f6 37. Bf4 f5 38. Ng5 fxe4 39. Qxe4 Qxe4 40. Nxe4 Rc4
41. Nxd6 Nxd6 42. Bxd6 Rxh4 43. Bc5 Re4 44. Nf4 Kh7 45. Ne6 Bxe6 46. dxe6 Rxe6
47. Rf7 Kh6 48. Ra7 Re4 49. Kf2 Bd4+ 50. Bxd4 Rxd4 1/2-1/2